La verdadera muerte de Pedro Henríquez Ureña y otros cuentos / (Registro nro. 13644)

Detalles MARC
000 -LIDER
fixed length control field 01629nam a2200349 a 4500
001 - NÚMERO DE CONTROL
Identificador de número de control
003 - IDENTIFICACDOR DE NÚMERO DE CONTROL
control field Ost
005 - DATE AND TIME OF LATEST TRANSACTION
control field 20220304093112.0
008 - ELEMENTOS DE LONGITUD FIJA
fixed length control field 140324s2013 dr 000 j spa d
020 ## - ISBN
International Standard Book Number 9789945412826
040 ## - FUENTE DE CATALOGACIÓN
Agencia que crea de manera original el registro BPMSU
Idioma de catalogación spa
Agencia que realiza la transcripción BPMSU
082 ## - NÚMERO DE CLASIFICACIÓN DECIMAL DE DEWEY
Classification number RD863.44
Item number B533v, 2012
Edition number 22
100 1# - ASIENTO PRINCIPAL -- NOMBRE PERSONAL
Nombre personal Berroa, Fernánco
245 13 - MENCIÓN DE TITULO
Título La verdadera muerte de Pedro Henríquez Ureña y otros cuentos /
Mención de responsabilidad Fernándo Berroa, Jorge Araújo, Reynaldo Disla
260 ## - PUBLICACIÓN, DISTRIBUCIÓN, ETC. (PIE DE IMPRENTA)
Lugar de publicación, distribución, etc Santo Domingo :
Nombre del editor, distribuidor, etc. FUNGLODE,
Fecha de publicación, distribución, etc 2013.
300 ## - DESCRIPCIÓN FÍSICA
Extensión 88 p. ;
Dimensiones 23 cm.
490 0# - MENCIÓN DE SERIES
Mención de serie Premios Funglode/GFDD
500 ## - NOTA GENERAL
Nota general Incluye datos biográficos de los autores en la contracubierta
505 0# - NOTA DE CONTENIDO
Título Primer lugar: La verdadera muerte de Pedro Henríquez Ureña /
Mención de responsabilidad Berroa, Fernando --
Título Según lugar: Recuerdos de una noche de atabales /
Mención de responsabilidad Araújo, Jorge --
Título Tercer lugar : El portentoso juego de Rafelo Vásquez /
Mención de responsabilidad Disla, Reynaldo --
Título Mención: A ritmo de jazz /
Mención de responsabilidad Muñiz, Jorge --
Título Mención :Corsario & Chapitán en la media islita /
Mención de responsabilidad Cabrera, Miguel Ángel --
Título Mencón :La colombiana /
Mención de responsabilidad Berroa, Fernando
586 ## - AWARDS NOTE
Awards note Premio FUNGLODE de Cuento Juan Bosch
590 ## - NOTA LOCAL
Texto de la nota local Inventariado, 2021/VM
650 #4 - ENCABEZAMIENTO DE MATERIA--TEMÁTICO
Término temático o nombre geográfico como elemento de entrada Cuentos dominicanos
650 #4 - ENCABEZAMIENTO DE MATERIA--TEMÁTICO
Término temático o nombre geográfico como elemento de entrada Literatura dominicana.
650 #4 - ENCABEZAMIENTO DE MATERIA--TEMÁTICO
Término temático o nombre geográfico como elemento de entrada Certámenes literarios
650 #4 - ENCABEZAMIENTO DE MATERIA--TEMÁTICO
Término temático o nombre geográfico como elemento de entrada Premios literarios
700 1# - ASIENTO SECUNDARIO -- NOMBRE PERSONAL
Nombre personal Araújo, Jorge
Título de una obra Recuerdo de una noche de atabales
700 1# - ASIENTO SECUNDARIO -- NOMBRE PERSONAL
Nombre personal Disla, Reynaldo
Título de una obra El portentoso juego de Rafelo vásquez
710 2# - ASIENTO SECUNDARIO -- NOMBRE CORPORATIVO
Nombre corporativo o de jurisdicción Fundación Global Democracía y Desarrollo (República Dominicana)
711 2# - ASIENTO SECUNDARIO -- NOMBRE DE REUNIÓN
Nombre de reunión o jurisdicción como elemento de entrada Premio FUNGLODE
Fecha de la reunión o acuerdo (2012 :
Lugar de la reunión Santo Domingo)
910 ## - VALIDACIÓN
Validación VMateo V.
942 ## - ADDED ENTRY ELEMENTS (KOHA)
Source of classification or shelving scheme Dewey Decimal Classification
Koha item type Libros
Existencias
Withdrawn status Lost status Source of classification or shelving scheme Damaged status Not for loan Home library Current library Date acquired Total Checkouts Full call number Barcode Date last seen Price effective from Koha item type
    Dewey Decimal Classification     Biblioteca Pública Metropolitana Salomé Ureña Biblioteca Pública Metropolitana Salomé Ureña 08/09/2021   BPMSU CD RD863.44 B533v, 2012 BPMSU21080038 08/09/2021 08/09/2021 Libros